A Riddle book.

Bibliographic Details
Format: Microform Book
Language:English
Published: Concord, N.H. : R. Merrill, 1843.
Subjects:

MARC

Tag First Indicator Second Indicator Subfields
LEADER 00000cam a2200000 a 4500
001 in00001347621
005 20151006072428.0
007 hd afu---baca
008 850330s1843 nhua a 000 0 eng d
035 |a (OCoLC)11868377 
035 |9 AHH5431AM 
040 |a POF  |c IBS  |d POF  |d UtOrBLW 
049 |a TXAI 
090 |a PS586  |b .A450 pt. 2, no. 1946 
099 |a film  |a B  |a 3870  |a  Segment II, no. 1946) 
245 0 2 |a A Riddle book. 
264 1 |a Concord, N.H. :  |b R. Merrill,  |c 1843. 
300 |a 8 pages :  |b illustrations ;  |c 9 cm. 
336 |a text  |b txt  |2 rdacontent 
337 |a microform  |b h  |2 rdamedia 
338 |a microfilm reel  |b hd  |2 rdacarrier 
500 |a Poems. 
533 |a Microfilm.  |b New Haven, Conn. :  |c Research Publications,  |d 1975.  |e 1 microfilm reel ; 35 mm.  |f (American Poetry, 1609-1900 ; Segment II, no. 1946) 
539 |a s  |b 1975  |d ctu  |e n 
500 |a Microform. 
650 0 |a Riddles. 
999 |a MARS 
999 f f |s e833c0e5-7a36-34d4-8904-f7f2b62f8b82  |i b1ba06bc-40b9-36c8-821d-1b8d4c489333  |t 0 
952 f f |p default  |a Texas A&M University  |b College Station  |c Sterling C. Evans Library  |d Evans: Microforms (3rd floor)  |t 0  |e film B 3870 Segment II, no. 1946  |h Other scheme  |i microform -- microfilm reel 
998 f f |a film B 3870 Segment II, no. 1946  |t 0  |l Evans: Microforms (3rd floor)